| 000 | 00714nam a2200217 4500 | ||
|---|---|---|---|
| 001 | 32553 | ||
| 003 | AR-RoBPED | ||
| 005 | 20260413091418.0 | ||
| 008 | 260410s1969 es |||er|||| 001 1 spa d | ||
| 040 | _aAR-RoBPED | ||
| 041 | _aspa | ||
| 245 | 0 | 4 |
_aLas florecillas de San Francisco / _cVersión castellana y prólogo de Federico Muelas. |
| 260 |
_aEspaña: _bSalvat, _c1969. |
||
| 300 | _a175 p. | ||
| 490 | 0 |
_a(Biblioteca Basica Salvat; _vN° 77) |
|
| 600 | 1 | 0 |
_aFrancisco de Asís, santo _d1182-1226 _927688 |
| 650 | 4 |
_aLITERATURA ITALIANA _9497 |
|
| 700 |
_aMuelas, Federico _d1909-1974 _930712 _eprolog. |
||
| 942 |
_2udc _aK. 32553 _cBK _h850-3 _mF 65 _ninv. 42372 |
||
| 945 | _amm 10/04/2026 - cd 13/04/2026 | ||
| 999 |
_c32553 _d32553 |
||